000 00887nam a2200265Ia 4500
003 OSt
005 20221005111333.0
006 a|||||r|||| 00| 0
007 ta
008 221004b |||||||| |||| 00| 0 mar d
020 _a9789350000168 (hbk)
_c250
024 _a19959
037 _b518, 21/03/2015, Vani Prakashan
_cTextual
040 _aCRL
_cCRL
_bmar
041 _2mar
_amar
082 _aO155,3N28,MA, 152P9
100 _aतेण्डुलकर, विजय
245 0 _aमसाज
246 _aMasāja
260 _aनई दिल्ली
_bवाणी प्रकाशन भारत
_c2009
300 _a95पृ0
_ccm.
650 _aमराठी साहित्य
942 _hO155,3N28,MA, 152P9
_cTEXL
_2cc
999 _c1021533
_d1021533